000 00611nam a2200181 i 4500
001 150934
003 ES-MaACL
005 20230906203751.0
007 t|
008 071120s1943 sp ||||1| spa d
100 1 _aDantín Cereceda, Juan,
_d1881-1943
_942666
245 1 0 _aCatálogo metódico de las plantas cultivadas en España /
_cpor Juan Dantín Cereceda.
250 _a2ª ed.
260 _aMadrid :
_bMinisterio de Agricultura, Sección de Publicaciones, Prensa y Propaganda,
_c1943.
300 _a187 p. :
_bil. ;
_c22 cm.
852 _aES-MaACL
_jD-8081
_bR.29731
999 _c150934
_d150934